[Event "11th LCC Super Blitz 2019"]
[Site "London"]
[Date "2019.12.08"]
[Round "3.5"]
[White "Willow, Jonah B"]
[Black "Petrov, Vladimir Sergeev"]
[Result "1-0"]
[WhiteElo "2355"]
[BlackElo "2355"]
[Annotator "NA"]
[PlyCount "61"]
[EventDate "2019.12.08"]
[EventType "swiss"]
[EventCountry "ENG"]
[SourceTitle "playchess.com"]
[Source "ChessBase"]
[SourceQuality "1"]
[TimeControl "180+2"]

1. e4 {[%emt 0:00:00]} c5 {[%emt 0:00:00]} 2. Nf3 {[%emt 0:00:00]} d6 {[%emt 0:00:01]} 3. Nc3 {[%emt 0:00:06]} Nf6 {[%emt 0:00:03]} 4. e5 {[%emt 0:00:01]} dxe5 {[%emt 0:00:05]} 5. Nxe5 {[%emt 0:00:01]} Nbd7 {[%emt 0:00:04]} 6. d4 {[%emt 0:00:01]} cxd4 {[%emt 0:00:31]} 7. Qxd4 {[%emt 0:00:02]} Nxe5 {[%emt 0:00:02]} 8. Qxe5 {[%emt 0:00:01]} e6 {[%emt 0:00:04]} 9. Bg5 {[%emt 0:01:08]} Be7 {[%emt 0:00:22]} 10. Bb5+ {[%emt 0:00:01]} Bd7 {[%emt 0:00:24]} 11. O-O-O {[%emt 0:00:30]} O-O {[%emt 0:00:02]} 12. Bxf6 {[%emt 0:00:03]} Bxf6 {[%emt 0:00:06]} 13. Qg3 {[%emt 0:00:50]} Bxc3 {[%emt 0:00:08]} 14. bxc3 {[%emt 0:00:13]} Qa5 {[%emt 0:00:28]} 15. Bxd7 {[%emt 0:00:04]} Qxa2 {[%emt 0:00:01]} 16. Qd3 {[%emt 0:00:12]} Rad8 {[%emt 0:00:40]} 17. Kd2 {[%emt 0:00:02]} Qa5 {[%emt 0:00:06]} 18. Ke2 {[%emt 0:00:06]} e5 {[%emt 0:00:07]} 19. Qe3 {[%emt 0:00:11]} Rxd7 {[%emt 0:00:05]} 20. Rxd7 {[%emt 0:00:01]} e4 {[%emt 0:00:04]} 21. Rd2 {[%emt 0:00:02]} f5 {[%emt 0:00:06]} 22. Rhd1 {[%emt 0:00:04]} Qb5+ {[%emt 0:00:03]} 23. Ke1 {[%emt 0:00:01]} f4 {[%emt 0:00:02]} 24. Qd4 {[%emt 0:00:03]} e3 {[%emt 0:00:02]} 25. Qd5+ {[%emt 0:00:01]} Qxd5 {[%emt 0:00:04]} 26. Rxd5 {[%emt 0:00:01]} f3 {[%emt 0:00:02]} 27. gxf3 {[%emt 0:00:02]} exf2+ {[%emt 0:00:03]} 28. Kxf2 {[%emt 0:00:00]} b6 {[%emt 0:00:02]} 29. Rd8 {[%emt 0:00:02]} a5 {[%emt 0:00:01]} 30. Rxf8+ {[%emt 0:00:02]} Kxf8 {[%emt 0:00:02]} 31. Rb1 {[%emt 0:00:01]} 1-0

[Event "11th LCC Super Blitz 2019"]
[Site "London"]
[Date "2019.12.08"]
[Round "3.5"]
[White "Cox, John J"]
[Black "Phillips, David"]
[Result "1-0"]
[WhiteElo "2346"]
[BlackElo "1810"]
[Annotator "NA"]
[PlyCount "57"]
[EventDate "2019.12.08"]
[EventType "swiss"]
[EventCountry "ENG"]
[SourceTitle "playchess.com"]
[Source "ChessBase"]
[SourceQuality "1"]
[TimeControl "180+2"]

1. c4 {[%emt 0:00:01]} f5 {[%emt 0:00:04]} 2. g3 {[%emt 0:00:01]} Nf6 {[%emt 0:00:03]} 3. Bg2 {[%emt 0:00:01]} e6 {[%emt 0:00:04]} 4. Nc3 {[%emt 0:00:01]} Be7 {[%emt 0:00:04]} 5. Nf3 {[%emt 0:00:01]} O-O {[%emt 0:00:03]} 6. O-O {[%emt 0:00:02]} d6 {[%emt 0:00:04]} 7. b3 {[%emt 0:00:05]} e5 {[%emt 0:00:11]} 8. Bb2 {[%emt 0:00:01]} Qe8 {[%emt 0:00:12]} 9. d4 {[%emt 0:00:11]} e4 {[%emt 0:00:18]} 10. Ne1 {[%emt 0:00:01]} c6 {[%emt 0:00:36]} 11. d5 {[%emt 0:00:08]} Nbd7 {[%emt 0:00:08]} 12. f3 {[%emt 0:00:02]} Qg6 {[%emt 0:00:51]} 13. Qc2 {[%emt 0:00:32]} f4 {[%emt 0:00:14]} 14. Nxe4 {[%emt 0:00:10]} cxd5 {[%emt 0:00:11]} 15. Nxf6+ {[%emt 0:00:09]} Bxf6 {[%emt 0:00:10]} 16. Qxg6 {[%emt 0:00:15]} hxg6 {[%emt 0:00:01]} 17. Bxf6 {[%emt 0:00:03]} Nxf6 {[%emt 0:00:07]} 18. cxd5 {[%emt 0:00:04]} Nxd5 {[%emt 0:00:02]} 19. Nd3 {[%emt 0:00:08]} Ne3 {[%emt 0:00:07]} 20. Rfc1 {[%emt 0:00:01]} fxg3 {[%emt 0:00:05]} 21. hxg3 {[%emt 0:00:02]} Bf5 {[%emt 0:00:02]} 22. Kf2 {[%emt 0:00:29]} Ng4+ {[%emt 0:00:01]} 23. fxg4 {[%emt 0:00:03]} Bxd3+ {[%emt 0:00:02]} 24. Ke3 {[%emt 0:00:04]} Ba6 {[%emt 0:00:01]} 25. Bd5+ {[%emt 0:00:04]} Rf7 {[%emt 0:00:05]} 26. Rf1 {[%emt 0:00:01]} Re8+ {[%emt 0:00:03]} 27. Kd4 {[%emt 0:00:10]} Ree7 {[%emt 0:00:02]} 28. Rxf7 {[%emt 0:00:02]} Rxf7 {[%emt 0:00:01]} 29. Rf1 {[%emt 0:00:01]} 1-0

[Event "11th LCC Super Blitz 2019"]
[Site "London"]
[Date "2019.12.08"]
[Round "3.5"]
[White "Gudenas, Motiejus"]
[Black "Marusenko, Petr"]
[Result "1-0"]
[WhiteElo "1993"]
[BlackElo "2085"]
[Annotator "NA"]
[PlyCount "92"]
[EventDate "2019.12.08"]
[EventType "swiss"]
[EventCountry "ENG"]
[SourceTitle "playchess.com"]
[Source "ChessBase"]
[SourceQuality "1"]
[TimeControl "180+2"]

1. e4 {[%emt 0:00:00]} c6 {[%emt 0:00:00]} 2. b3 {[%emt 0:00:01]} d5 {[%emt 0:00:00]} 3. Bb2 {[%emt 0:00:01]} dxe4 {[%emt 0:00:03]} 4. Nc3 {[%emt 0:00:01]} Nf6 {[%emt 0:00:01]} 5. Nge2 {[%emt 0:00:01]} Bf5 {[%emt 0:00:06]} 6. Ng3 {[%emt 0:00:02]} Bg6 {[%emt 0:00:01]} 7. Qe2 {[%emt 0:00:00]} Nbd7 {[%emt 0:00:24]} 8. Ncxe4 {[%emt 0:00:02]} e6 {[%emt 0:00:01]} 9. h4 {[%emt 0:00:19]} Nxe4 {[%emt 0:00:09]} 10. Nxe4 {[%emt 0:00:02]} Bxe4 {[%emt 0:00:08]} 11. Qxe4 {[%emt 0:00:02]} Nf6 {[%emt 0:00:01]} 12. Qf3 {[%emt 0:00:16]} Be7 {[%emt 0:00:01]} 13. Bd3 {[%emt 0:00:14]} a5 {[%emt 0:00:03]} 14. a4 {[%emt 0:00:02]} Qb6 {[%emt 0:00:10]} 15. g4 {[%emt 0:00:19]} Rg8 {[%emt 0:00:34]} 16. g5 {[%emt 0:00:16]} Nd5 {[%emt 0:00:01]} 17. Bxh7 {[%emt 0:00:21]} Rh8 {[%emt 0:00:01]} 18. Be4 {[%emt 0:00:03]} Rg8 {[%emt 0:00:14]} 19. Bxd5 {[%emt 0:00:26]} cxd5 {[%emt 0:00:04]} 20. g6 {[%emt 0:00:09]} f6 {[%emt 0:00:11]} 21. h5 {[%emt 0:00:04]} O-O-O {[%emt 0:00:04]} 22. O-O-O {[%emt 0:00:07]} Kb8 {[%emt 0:00:02]} 23. Kb1 {[%emt 0:00:01]} Rc8 {[%emt 0:00:07]} 24. h6 {[%emt 0:00:12]} gxh6 {[%emt 0:00:01]} 25. Rxh6 {[%emt 0:00:01]} Qc5 {[%emt 0:00:17]} 26. Qd3 {[%emt 0:00:13]} e5 {[%emt 0:00:02]} 27. f3 {[%emt 0:00:09]} Rc7 {[%emt 0:00:12]} 28. Rdh1 {[%emt 0:00:06]} Rgc8 {[%emt 0:00:02]} 29. Rc1 {[%emt 0:00:03]} Bf8 {[%emt 0:00:10]} 30. Rh7 {[%emt 0:00:02]} Bg7 {[%emt 0:00:02]} 31. Ka2 {[%emt 0:00:08]} Qb6 {[%emt 0:00:09]} 32. Ba3 {[%emt 0:00:03]} Bf8 {[%emt 0:00:11]} 33. Rxc7 {[%emt 0:00:02]} Qxc7 {[%emt 0:00:04]} 34. c3 {[%emt 0:00:06]} Bxa3 {[%emt 0:00:04]} 35. Kxa3 {[%emt 0:00:01]} Rd8 {[%emt 0:00:06]} 36. Kb2 {[%emt 0:00:02]} Qe7 {[%emt 0:00:07]} 37. Rg1 {[%emt 0:00:03]} Qe6 {[%emt 0:00:05]} 38. g7 {[%emt 0:00:03]} f5 {[%emt 0:00:04]} 39. Qb5 {[%emt 0:00:04]} Rg8 {[%emt 0:00:05]} 40. Qxa5 {[%emt 0:00:01]} e4 {[%emt 0:00:03]} 41. fxe4 {[%emt 0:00:03]} dxe4 {[%emt 0:00:03]} 42. Qc5 {[%emt 0:00:06]} f4 {[%emt 0:00:04]} 43. Qg5 {[%emt 0:00:06]} f3 {[%emt 0:00:03]} 44. Qe3 {[%emt 0:00:01]} Qf5 {[%emt 0:00:05]} 45. Re1 {[%emt 0:00:01]} Rxg7 {[%emt 0:00:02]} 46. Qxe4 {[%emt 0:00:01]} Qxe4 {[%emt 0:00:05]} 1-0

[Event "11th LCC Super Blitz 2019"]
[Site "London"]
[Date "2019.12.08"]
[Round "3.6"]
[White "Pappelis, Dimitrios"]
[Black "Arapalea, Daniel-Ionel"]
[Result "1-0"]
[WhiteElo "2160"]
[BlackElo "1840"]
[Annotator "NA"]
[PlyCount "125"]
[EventDate "2019.12.08"]
[EventType "swiss"]
[EventCountry "ENG"]
[SourceTitle "playchess.com"]
[Source "ChessBase"]
[SourceQuality "1"]
[TimeControl "180+2"]

1. Nf3 {[%emt 0:00:00]} d5 {[%emt 0:00:01]} 2. g3 {[%emt 0:00:00]} Nc6 {[%emt 0:00:02]} 3. d4 {[%emt 0:00:01]} h5 {[%emt 0:00:01]} 4. h4 {[%emt 0:00:03]} e6 {[%emt 0:00:01]} 5. Bg2 {[%emt 0:00:02]} Bd6 {[%emt 0:00:01]} 6. c4 {[%emt 0:00:02]} dxc4 {[%emt 0:00:02]} 7. Nbd2 {[%emt 0:00:01]} Nf6 {[%emt 0:00:08]} 8. Nxc4 {[%emt 0:00:01]} Ng4 {[%emt 0:00:01]} 9. Nxd6+ {[%emt 0:00:21]} cxd6 {[%emt 0:00:02]} 10. O-O {[%emt 0:00:02]} Bd7 {[%emt 0:00:05]} 11. d5 {[%emt 0:00:21]} exd5 {[%emt 0:00:10]} 12. Qxd5 {[%emt 0:00:02]} Be6 {[%emt 0:00:01]} 13. Qg5 {[%emt 0:00:10]} g6 {[%emt 0:00:17]} 14. Qxd8+ {[%emt 0:00:04]} Rxd8 {[%emt 0:00:04]} 15. Bf4 {[%emt 0:00:04]} Nce5 {[%emt 0:00:14]} 16. Rac1 {[%emt 0:00:11]} O-O {[%emt 0:00:10]} 17. Rc7 {[%emt 0:00:08]} Bd5 {[%emt 0:00:05]} 18. Nd2 {[%emt 0:00:26]} Bc6 {[%emt 0:00:39]} 19. Bxc6 {[%emt 0:00:07]} bxc6 {[%emt 0:00:03]} 20. Rxa7 {[%emt 0:00:01]} Nf6 {[%emt 0:00:11]} 21. Rc1 {[%emt 0:00:07]} c5 {[%emt 0:00:03]} 22. Bg5 {[%emt 0:00:07]} Kg7 {[%emt 0:00:04]} 23. Nc4 {[%emt 0:00:14]} Nxc4 {[%emt 0:00:18]} 24. Rxc4 {[%emt 0:00:01]} Rb8 {[%emt 0:00:09]} 25. b3 {[%emt 0:00:11]} Nd5 {[%emt 0:00:08]} 26. e4 {[%emt 0:00:10]} Nb6 {[%emt 0:00:02]} 27. Rc3 {[%emt 0:00:06]} Ra8 {[%emt 0:00:08]} 28. Rb7 {[%emt 0:00:09]} Nc8 {[%emt 0:00:05]} 29. a4 {[%emt 0:00:02]} Ra7 {[%emt 0:00:01]} 30. Rxa7 {[%emt 0:00:05]} Nxa7 {[%emt 0:00:01]} 31. Be7 {[%emt 0:00:02]} Re8 {[%emt 0:00:04]} 32. Bxd6 {[%emt 0:00:03]} Rxe4 {[%emt 0:00:01]} 33. Bxc5 {[%emt 0:00:03]} Nc6 {[%emt 0:00:03]} 34. Re3 {[%emt 0:00:09]} Rg4 {[%emt 0:00:04]} 35. Kf1 {[%emt 0:00:06]} Kf6 {[%emt 0:00:05]} 36. Ke2 {[%emt 0:00:15]} Kf5 {[%emt 0:00:03]} 37. Rf3+ {[%emt 0:00:03]} Ke6 {[%emt 0:00:02]} 38. Re3+ {[%emt 0:00:03]} Kd5 {[%emt 0:00:02]} 39. Ba3 {[%emt 0:00:04]} Nd4+ {[%emt 0:00:01]} 40. Kf1 {[%emt 0:00:07]} g5 {[%emt 0:00:09]} 41. Bb2 {[%emt 0:00:03]} gxh4 {[%emt 0:00:01]} 42. gxh4 {[%emt 0:00:03]} Nc2 {[%emt 0:00:02]} 43. Rd3+ {[%emt 0:00:02]} Kc6 {[%emt 0:00:02]} 44. Rc3+ {[%emt 0:00:01]} Kb6 45. Rxc2 {[%emt 0:00:01]} Rxh4 {[%emt 0:00:01]} 46. Rc4 {[%emt 0:00:02]} Rh1+ {[%emt 0:00:01]} 47. Ke2 {[%emt 0:00:01]} h4 {[%emt 0:00:01]} 48. Be5 {[%emt 0:00:02]} h3 {[%emt 0:00:01]} 49. Rh4 {[%emt 0:00:02]} Rb1 {[%emt 0:00:01]} 50. Rxh3 {[%emt 0:00:02]} Ka5 {[%emt 0:00:02]} 51. Bc3+ {[%emt 0:00:02]} Kb6 {[%emt 0:00:01]} 52. Bd2 {[%emt 0:00:01]} f5 {[%emt 0:00:01]} 53. b4 {[%emt 0:00:01]} Ra1 {[%emt 0:00:01]} 54. Rh6+ {[%emt 0:00:01]} Kb7 {[%emt 0:00:01]} 55. a5 {[%emt 0:00:02]} Ka7 {[%emt 0:00:01]} 56. b5 {[%emt 0:00:01]} Ra2 {[%emt 0:00:01]} 57. Rh7+ {[%emt 0:00:02]} Kb8 {[%emt 0:00:00]} 58. b6 {[%emt 0:00:02]} f4 {[%emt 0:00:01]} 59. f3 {[%emt 0:00:02]} Rb2 {[%emt 0:00:02]} 60. Kd3 {[%emt 0:00:06]} Rb3+ {[%emt 0:00:01]} 61. Kc2 {[%emt 0:00:02]} Rxf3 {[%emt 0:00:01]} 62. a6 {[%emt 0:00:01]} Ra3 {[%emt 0:00:03]} 63. Rh8# {[%emt 0:00:02]} 1-0

[Event "11th LCC Super Blitz 2019"]
[Site "London"]
[Date "2019.12.08"]
[Round "3.6"]
[White "Ismail, Mohammed Aayan"]
[Black "Nettleton, Charlie B"]
[Result "0-1"]
[WhiteElo "1641"]
[BlackElo "2021"]
[Annotator "NA"]
[PlyCount "60"]
[EventDate "2019.12.08"]
[EventType "swiss"]
[EventCountry "ENG"]
[SourceTitle "playchess.com"]
[Source "ChessBase"]
[SourceQuality "1"]
[TimeControl "180+2"]

1. e4 {[%emt 0:00:00]} e5 {[%emt 0:00:00]} 2. Nf3 {[%emt 0:00:00]} f5 {[%emt 0:00:00]} 3. d3 {[%emt 0:00:01]} Nc6 {[%emt 0:00:03]} 4. Be2 {[%emt 0:00:03]} Nf6 {[%emt 0:00:02]} 5. O-O {[%emt 0:00:09]} d6 {[%emt 0:00:20]} 6. Nc3 {[%emt 0:00:04]} Be7 {[%emt 0:00:02]} 7. Bg5 {[%emt 0:00:06]} O-O {[%emt 0:00:04]} 8. h3 {[%emt 0:00:05]} h6 {[%emt 0:00:09]} 9. Bxf6 {[%emt 0:00:02]} Bxf6 {[%emt 0:00:02]} 10. Nd5 {[%emt 0:00:04]} Ne7 {[%emt 0:00:06]} 11. Nxf6+ {[%emt 0:00:12]} Rxf6 {[%emt 0:00:02]} 12. Qd2 {[%emt 0:00:12]} g5 {[%emt 0:00:03]} 13. Nh2 {[%emt 0:00:17]} Ng6 {[%emt 0:00:04]} 14. g3 {[%emt 0:00:22]} fxe4 {[%emt 0:00:03]} 15. Ng4 {[%emt 0:00:07]} Bxg4 {[%emt 0:00:05]} 16. Bxg4 {[%emt 0:00:02]} exd3 {[%emt 0:00:07]} 17. Qxd3 {[%emt 0:00:01]} Kg7 {[%emt 0:00:28]} 18. Rad1 {[%emt 0:00:07]} Qf8 {[%emt 0:00:02]} 19. Qb3 {[%emt 0:00:08]} b6 {[%emt 0:00:13]} 20. Qc4 {[%emt 0:00:07]} Qf7 {[%emt 0:00:03]} 21. Qe4 {[%emt 0:00:08]} Rf8 {[%emt 0:00:04]} 22. Rd2 {[%emt 0:00:03]} Ne7 {[%emt 0:00:09]} 23. Qb7 {[%emt 0:00:08]} h5 {[%emt 0:00:02]} 24. Bd1 {[%emt 0:00:05]} Nf5 {[%emt 0:00:07]} 25. Kh2 {[%emt 0:00:40]} h4 {[%emt 0:00:03]} 26. g4 {[%emt 0:00:05]} Ng3 {[%emt 0:00:01]} 27. Rg1 {[%emt 0:00:06]} Rxf2+ {[%emt 0:00:02]} 28. Rxf2 {[%emt 0:00:06]} Qxf2+ {[%emt 0:00:02]} 29. Rg2 {[%emt 0:00:18]} Qc5 {[%emt 0:00:10]} 30. c3 {[%emt 0:00:08]} Rf1 {[%emt 0:00:01]} 0-1

[Event "11th LCC Super Blitz 2019"]
[Site "London"]
[Date "2019.12.08"]
[Round "3.6"]
[White "Toh, Q Kane"]
[Black "Eames, Robert S"]
[Result "1-0"]
[WhiteElo "1606"]
[BlackElo "2166"]
[Annotator "NA"]
[PlyCount "49"]
[EventDate "2019.12.08"]
[EventType "swiss"]
[EventCountry "ENG"]
[SourceTitle "playchess.com"]
[Source "ChessBase"]
[SourceQuality "1"]
[TimeControl "180+2"]

1. d4 {[%emt 0:00:00]} Nf6 {[%emt 0:00:00]} 2. c4 {[%emt 0:00:00]} e6 {[%emt 0:00:00]} 3. Nc3 {[%emt 0:00:01]} d5 {[%emt 0:00:01]} 4. cxd5 {[%emt 0:00:01]} Nxd5 {[%emt 0:00:02]} 5. e4 {[%emt 0:00:01]} Nxc3 {[%emt 0:00:02]} 6. bxc3 {[%emt 0:00:01]} c5 {[%emt 0:00:01]} 7. Nf3 {[%emt 0:00:02]} cxd4 {[%emt 0:00:02]} 8. cxd4 {[%emt 0:00:01]} Bb4+ {[%emt 0:00:01]} 9. Bd2 {[%emt 0:00:02]} Bxd2+ {[%emt 0:00:01]} 10. Qxd2 {[%emt 0:00:01]} O-O {[%emt 0:00:02]} 11. Be2 {[%emt 0:00:09]} b6 {[%emt 0:00:17]} 12. O-O {[%emt 0:00:26]} Bb7 {[%emt 0:00:01]} 13. e5 {[%emt 0:00:11]} Nd7 {[%emt 0:00:39]} 14. Rac1 {[%emt 0:00:12]} a6 {[%emt 0:00:14]} 15. Qf4 {[%emt 0:00:07]} Re8 {[%emt 0:00:12]} 16. Ng5 {[%emt 0:00:11]} Re7 {[%emt 0:00:13]} 17. Rc3 {[%emt 0:00:16]} h6 {[%emt 0:00:12]} 18. Ne4 {[%emt 0:00:13]} Nf8 {[%emt 0:00:09]} 19. Nd6 {[%emt 0:00:06]} Bd5 {[%emt 0:00:05]} 20. Bf3 {[%emt 0:00:27]} Ng6 {[%emt 0:00:03]} 21. Qg3 {[%emt 0:00:02]} Bxf3 {[%emt 0:00:11]} 22. Qxf3 {[%emt 0:00:11]} b5 {[%emt 0:00:13]} 23. Rfc1 {[%emt 0:00:05]} Kh7 {[%emt 0:00:06]} 24. g3 {[%emt 0:00:02]} Qd7 {[%emt 0:00:09]} 25. Qxa8 {[%emt 0:00:07]} 1-0

[Event "11th LCC Super Blitz 2019"]
[Site "London"]
[Date "2019.12.08"]
[Round "3.7"]
[White "Srivastava, Arnav"]
[Black "Stamatopoulos, Apostolos"]
[Result "0-1"]
[WhiteElo "1728"]
[BlackElo "1782"]
[Annotator "NA"]
[PlyCount "84"]
[EventDate "2019.12.08"]
[EventType "swiss"]
[EventCountry "ENG"]
[SourceTitle "playchess.com"]
[Source "ChessBase"]
[SourceQuality "1"]
[TimeControl "180+2"]

1. d4 {[%emt 0:00:00]} Nf6 {[%emt 0:00:00]} 2. c4 {[%emt 0:00:00]} e6 {[%emt 0:00:00]} 3. Nf3 {[%emt 0:00:01]} Bb4+ {[%emt 0:00:01]} 4. Bd2 {[%emt 0:00:01]} Qe7 {[%emt 0:00:01]} 5. g3 {[%emt 0:00:01]} Nc6 {[%emt 0:00:02]} 6. Bg2 {[%emt 0:00:01]} Bxd2+ {[%emt 0:00:08]} 7. Qxd2 {[%emt 0:00:08]} Ne4 {[%emt 0:00:05]} 8. Qc2 {[%emt 0:00:13]} Qb4+ {[%emt 0:00:17]} 9. Nbd2 {[%emt 0:00:04]} Nxd2 {[%emt 0:00:03]} 10. Qxd2 {[%emt 0:00:02]} Qxc4 {[%emt 0:00:07]} 11. O-O {[%emt 0:00:02]} Qb4 {[%emt 0:00:15]} 12. Qd3 {[%emt 0:00:07]} Qe7 {[%emt 0:00:15]} 13. e4 {[%emt 0:00:01]} d6 {[%emt 0:00:10]} 14. Rfe1 {[%emt 0:00:15]} O-O {[%emt 0:00:07]} 15. Rad1 {[%emt 0:00:22]} e5 {[%emt 0:00:26]} 16. d5 {[%emt 0:00:05]} Nb8 {[%emt 0:00:08]} 17. Nh4 {[%emt 0:00:16]} g6 {[%emt 0:00:10]} 18. Qe3 {[%emt 0:00:12]} a5 {[%emt 0:00:06]} 19. a4 {[%emt 0:00:01]} Na6 {[%emt 0:00:02]} 20. Bf1 {[%emt 0:00:14]} Nc5 {[%emt 0:00:02]} 21. Ng2 {[%emt 0:00:07]} Nxa4 {[%emt 0:00:06]} 22. f4 {[%emt 0:00:01]} Bg4 {[%emt 0:00:21]} 23. Be2 {[%emt 0:00:08]} Bxe2 {[%emt 0:00:02]} 24. Rxe2 {[%emt 0:00:01]} Nc5 {[%emt 0:00:05]} 25. f5 {[%emt 0:00:04]} f6 {[%emt 0:00:10]} 26. g4 {[%emt 0:00:00]} g5 {[%emt 0:00:02]} 27. h4 {[%emt 0:00:01]} h6 {[%emt 0:00:04]} 28. hxg5 {[%emt 0:00:01]} hxg5 {[%emt 0:00:04]} 29. Kf2 {[%emt 0:00:00]} Kg7 {[%emt 0:00:03]} 30. Rh1 {[%emt 0:00:01]} Rh8 {[%emt 0:00:01]} 31. Ree1 {[%emt 0:00:16]} Raf8 {[%emt 0:00:12]} 32. Reg1 {[%emt 0:00:00]} Qd8 {[%emt 0:00:03]} 33. Ne1 {[%emt 0:00:00]} Rxh1 {[%emt 0:00:01]} 34. Rxh1 {[%emt 0:00:00]} Rh8 {[%emt 0:00:01]} 35. Rg1 {[%emt 0:00:45]} Rh4 {[%emt 0:00:01]} 36. Nd3 {[%emt 0:00:02]} Nxd3+ {[%emt 0:00:08]} 37. Qxd3 {[%emt 0:00:01]} Rh2+ {[%emt 0:00:01]} 38. Kf1 {[%emt 0:00:04]} Qh8 {[%emt 0:00:02]} 39. Rg3 {[%emt 0:00:08]} Rh1+ {[%emt 0:00:04]} 40. Kf2 {[%emt 0:00:00]} Qh2+ {[%emt 0:00:02]} 41. Rg2 {[%emt 0:00:01]} Qf4+ {[%emt 0:00:02]} 42. Qf3 {[%emt 0:00:05]} Rf1+ {[%emt 0:00:03]} 0-1

[Event "11th LCC Super Blitz 2019"]
[Site "London"]
[Date "2019.12.08"]
[Round "3.7"]
[White "Brass, Ezra"]
[Black "Van Hoof, Alexander"]
[Result "0-1"]
[WhiteElo "1628"]
[BlackElo "1968"]
[Annotator "NA"]
[PlyCount "119"]
[EventDate "2019.12.08"]
[EventType "swiss"]
[EventCountry "ENG"]
[SourceTitle "playchess.com"]
[Source "ChessBase"]
[SourceQuality "1"]
[TimeControl "180+2"]

1. e4 {[%emt 0:00:00]} c6 {[%emt 0:00:00]} 2. d4 {[%emt 0:00:02]} d5 {[%emt 0:00:00]} 3. Nc3 {[%emt 0:00:02]} dxe4 4. Nxe4 {[%emt 0:00:01]} Bf5 {[%emt 0:00:02]} 5. Ng3 {[%emt 0:00:00]} Bg6 {[%emt 0:00:00]} 6. Nf3 {[%emt 0:00:02]} Nf6 {[%emt 0:00:03]} 7. Bd3 {[%emt 0:00:02]} Bxd3 8. Qxd3 {[%emt 0:00:02]} Nbd7 {[%emt 0:00:02]} 9. O-O {[%emt 0:00:02]} e6 {[%emt 0:00:01]} 10. Re1 {[%emt 0:00:02]} Be7 {[%emt 0:00:01]} 11. c3 {[%emt 0:00:06]} Qc7 {[%emt 0:00:12]} 12. Be3 {[%emt 0:00:10]} Rd8 {[%emt 0:00:05]} 13. a4 {[%emt 0:00:07]} O-O {[%emt 0:00:17]} 14. a5 {[%emt 0:00:01]} Rfe8 {[%emt 0:00:08]} 15. Bg5 {[%emt 0:00:09]} Nd5 {[%emt 0:00:33]} 16. Bxe7 {[%emt 0:00:08]} Nxe7 {[%emt 0:00:05]} 17. Ng5 {[%emt 0:00:07]} Ng6 {[%emt 0:00:23]} 18. h4 {[%emt 0:00:08]} Nf6 {[%emt 0:00:21]} 19. h5 {[%emt 0:00:35]} Nf4 {[%emt 0:00:02]} 20. Qf3 {[%emt 0:00:07]} h6 {[%emt 0:00:09]} 21. N5e4 {[%emt 0:00:06]} Nxe4 {[%emt 0:00:22]} 22. Nxe4 {[%emt 0:00:09]} Nd5 {[%emt 0:00:17]} 23. c4 {[%emt 0:00:17]} Ne7 {[%emt 0:00:03]} 24. Red1 {[%emt 0:00:16]} Nf5 {[%emt 0:00:04]} 25. Qg4 {[%emt 0:00:06]} Kh8 {[%emt 0:00:10]} 26. a6 {[%emt 0:00:13]} Nxd4 {[%emt 0:00:04]} 27. Nc5 {[%emt 0:00:08]} f5 {[%emt 0:00:07]} 28. Qh4 {[%emt 0:00:11]} Ne2+ {[%emt 0:00:06]} 29. Kf1 {[%emt 0:00:04]} Nf4 {[%emt 0:00:10]} 30. axb7 {[%emt 0:00:11]} Qb6 {[%emt 0:00:06]} 31. Rxd8 {[%emt 0:00:07]} Rxd8 {[%emt 0:00:01]} 32. Qxf4 {[%emt 0:00:06]} Qxc5 {[%emt 0:00:01]} 33. b8=Q {[%emt 0:00:05]} Rxb8 {[%emt 0:00:00]} 34. Qxb8+ {[%emt 0:00:02]} Kh7 35. Qg3 {[%emt 0:00:03]} Qxc4+ {[%emt 0:00:01]} 36. Kg1 {[%emt 0:00:01]} Qd4 {[%emt 0:00:04]} 37. Qc3 {[%emt 0:00:03]} Qb6 {[%emt 0:00:04]} 38. Qa5 {[%emt 0:00:02]} Qd4 {[%emt 0:00:04]} 39. Qxa7 {[%emt 0:00:03]} Qxb2 {[%emt 0:00:02]} 40. Qa3 {[%emt 0:00:01]} Qe5 {[%emt 0:00:02]} 41. Rd1 {[%emt 0:00:05]} f4 {[%emt 0:00:02]} 42. Qd3+ {[%emt 0:00:02]} Kg8 {[%emt 0:00:02]} 43. Qd8+ {[%emt 0:00:02]} Kh7 {[%emt 0:00:01]} 44. Qd3+ {[%emt 0:00:02]} Kg8 {[%emt 0:00:01]} 45. Qf3 {[%emt 0:00:01]} Qg5 {[%emt 0:00:03]} 46. Qxc6 {[%emt 0:00:03]} f3 {[%emt 0:00:01]} 47. Qxf3 {[%emt 0:00:02]} e5 {[%emt 0:00:01]} 48. Rd8+ {[%emt 0:00:01]} Qxd8 {[%emt 0:00:01]} 49. Qb3+ {[%emt 0:00:02]} Kh8 {[%emt 0:00:01]} 50. Qf3 {[%emt 0:00:01]} Qf6 {[%emt 0:00:03]} 51. Qa8+ {[%emt 0:00:02]} Kh7 {[%emt 0:00:01]} 52. Qe4+ {[%emt 0:00:02]} Kg8 {[%emt 0:00:02]} 53. Qa8+ {[%emt 0:00:01]} Kf7 {[%emt 0:00:00]} 54. Qd5+ {[%emt 0:00:02]} Ke7 {[%emt 0:00:02]} 55. Qb7+ {[%emt 0:00:01]} Ke6 {[%emt 0:00:00]} 56. Qb3+ {[%emt 0:00:02]} Kf5 {[%emt 0:00:01]} 57. Qf3+ {[%emt 0:00:01]} Kg5 {[%emt 0:00:02]} 58. Qxf6+ {[%emt 0:00:05]} gxf6 {[%emt 0:00:03]} 59. Kh2 {[%emt 0:00:03]} f5 {[%emt 0:00:00]} 60. Kg3 {[%emt 0:00:00]} 0-1